| 000 | 00000nas##2200000za#4500 |
| 001 | 9.503539 |
| 003 | CaOODSP |
| 005 | 20200325101417 |
| 007 | cr ||||||||||| |
| 008 | 150406c2001||||xxc|| p o||||f| |0fre|d |
| 040 | |aCaOODSP|bfre |
| 043 | |an-cn--- |
| 086 | 1 |aRH32-1F-PDF |
| 110 | 1 |aCanada.|bDéveloppement des ressources humaines Canada. |bBureau de la condition des personnes handicapées. |
| 245 | 10|aBulletin de recherche sur la condition des personnes handicapées |h[ressource électronique] |
| 260 | |aOttawa - Ontario : |bDéveloppement des ressources humaines Canada. |
| 310 | |aSemestriel |
| 362 | 1 |a2000--[2002?] |
| 691 | 07|aAccessibilité (pour personne handicapée)|2gcpds |
| 691 | 07|aHandicap physique|2gcpds |
| 775 | 08|tDisability research bulletin |w(CaOODSP)9.507148 |
| 776 | 0#|tDisability research bulletin |w(CaOODSP)9.508666 |
| 776 | 0#|tBulletin de recherche sur la condition des personnes handicapées |w(CaOODSP)9.508667 |